DCEU and DCU Films and TV - Statistics

General Stats
  • This quiz has been taken 110 times
  • The average score is 15 of 27
Answer Stats
Release Date Answer % Correct
2023 The Flash
91%
2013 Man of Steel
89%
2017 Wonder Woman
88%
2017 Justice League
86%
2018 Aquaman
81%
2021 The Suicide Squad
80%
2016 Suicide Squad
78%
2016 Batman V Superman: Dawn of Justice
68%
2019 Shazam!
67%
2022 (TV) Peacemaker
66%
2020 Wonder Woman 1984
64%
2022 Black Adam
59%
2023 Blue Beetle
57%
2020 Birds of Prey (and the Fantabulous Emancipation of One Harley Quinn)
56%
2023 Shazam! Fury of the Gods
52%
2023 Aquaman and the Lost Kingdom
51%
2024 (TV) Creature Commandos
43%
2025 Superman: Legacy
42%
TBA (TV) Lanterns
41%
2021 Zack Snyder's Justice League
36%
TBA Supergirl: Woman of Tomorrow
35%
TBA Swamp Thing
33%
2024 (TV) Waller
33%
TBA The Brave and the Bold
30%
TBA (TV) Booster Gold
27%
TBA The Authority
25%
TBA (TV) Paradise Lost
24%
No matching quizzes found
Score Distribution
Percent of People with Each Score
Percentile by Number Answered
Your Score History
You have not taken this quiz